[Event "Ring In The New Year With A Chess Tournament"]
[Site "SchemingMind.com"]
[Date "2012.01.04"]
[Round "-"]
[White "jtrochez1"]
[Black "lennart"]
[Result "1-0"]
[WhiteCountry "HON"]
[BlackCountry "SWE"]
[WhiteElo "1626"]
[WhiteRD "49"]
[BlackElo "1517"]
[BlackRD "51"]
[GameID "300633"]

1. e4 e5 2. Nf3 Nc6 3. Bc4 Bc5 4. Nc3 a6 5. a3 h6 6. d3 b5 7. Bd5 Nge7 8. Bd2 O-O 9. Qc1 Nxd5 10. Nxd5 Ne7
11. Bxh6 gxh6 12. Qxh6 Ng6 13. Ng5 Qxg5 14. Qxg5 Re8 15. Qh6 Re6 16. Qg5 Bb7 17. Nxc7
1-0

[Event "Ring In The New Year With A Chess Tournament"]
[Site "SchemingMind.com"]
[Date "2012.01.06"]
[Round "-"]
[White "mochiron"]
[Black "lennart"]
[Result "1-0"]
[WhiteCountry "JPN"]
[BlackCountry "SWE"]
[WhiteElo "1490"]
[WhiteRD "63"]
[BlackElo "1555"]
[BlackRD "52"]
[GameID "300634"]

1. f4 d5 2. Nf3 Nf6 3. e3 e6 4. Be2 h6 5. O-O Nc6 6. d4 Bb4 7. c3 Ba5 8. b4 Bb6 9. Nbd2 Ne7 10. Nb3 Ne4
11. Bd2 Nxd2 12. Nbxd2 O-O 13. e4 dxe4 14. Nxe4 Nf5 15. Qd2 Bd7 16. Nfg5 Nh4 17. Bd3 f6 18. Nf3 Nf5 19. Ng3 Nxg3 20. hxg3 f5
21. Ne5 Be8 22. Bc4 Qd6 23. Rae1 a5 24. Ng6 Bxg6 25. Bxe6+ Kh7 26. Bb3 c5 27. bxc5 Bxc5 28. Re6 Bxd4+ 29. cxd4 Qd7 30. g4 Bf7
31. Re3 Bxb3 32. axb3 fxg4 33. Qd3+ Kh8 34. f5 Qc6 35. Re7 Qf6 36. Rxb7 Rad8 37. Re1 Rxd4 38. Qe3 Qxf5 39. Qxd4 Rg8 40. Rf1 Qg5
41. Rff7 g3 42. Qc3 h5 43. Rf3 h4 44. Rc7 Qg4 45. Rc4 Qe6 46. Rxh4+
1-0

[Event "Ring In The New Year With A Chess Tournament"]
[Site "SchemingMind.com"]
[Date "2012.01.04"]
[Round "-"]
[White "grabapawn"]
[Black "lennart"]
[Result "1-0"]
[WhiteCountry "USA"]
[BlackCountry "SWE"]
[WhiteElo "1628"]
[WhiteRD "62"]
[BlackElo "1517"]
[BlackRD "51"]
[GameID "300635"]

1. e4 e5 2. d4 exd4 3. c3 dxc3 4. Nxc3 Nc6 5. Nf3 h6 6. Bc4 Na5 7. Bxf7+ Kxf7 8. Ne5+ Ke8 9. Qh5+ Ke7 10. Ng6+ Kd6
11. Qd5#
1-0

[Event "Ring In The New Year With A Chess Tournament"]
[Site "SchemingMind.com"]
[Date "2012.01.04"]
[Round "-"]
[White "Majoanis"]
[Black "lennart"]
[Result "1-0"]
[WhiteCountry "CAN"]
[BlackCountry "SWE"]
[WhiteElo "1788"]
[WhiteRD "63"]
[BlackElo "1517"]
[BlackRD "51"]
[GameID "300636"]

1. e4 e5 2. Bc4 Nc6 3. d3 h6 4. Nf3 Bb4+ 5. c3 Ba5 6. O-O Nce7 7. Nxe5 d5 8. exd5 Nf5 9. Qa4+ c6 10. dxc6 Qb6
11. cxb7+
1-0

[Event "Ring In The New Year With A Chess Tournament"]
[Site "SchemingMind.com"]
[Date "2012.01.04"]
[Round "-"]
[White "Phillip Beckett"]
[Black "lennart"]
[Result "1-0"]
[WhiteCountry "ENG"]
[BlackCountry "SWE"]
[WhiteElo "1612"]
[WhiteRD "50"]
[BlackElo "1517"]
[BlackRD "51"]
[GameID "300637"]

1. e4 e5 2. Nf3 d5 3. exd5 Qxd5 4. Nc3 Qa5 5. d3 Be7 6. Bd2 Qb6 7. Na4 Qe6 8. Be2 h6 9. O-O Nf6 10. Nc3 O-O
11. h3 Nc6 12. Nh2 a6 13. Ng4 Nxg4 14. Bxg4 f5 15. Bf3 Nd4 16. Be3 Nxf3+ 17. Qxf3 f4 18. Bd2 Rb8 19. Rae1 b5 20. Bxf4 Bb7
21. Qg3 Bd6 22. Bxe5 Qd7 23. Bxd6 cxd6 24. Ne4 Bxe4 25. Rxe4 Qc6 26. Re6 Rf7 27. Rxh6 Rbb7 28. Re6 Qd5 29. Re8+ Rf8 30. Rfe1 Rf7
31. Rxf8+ Rxf8 32. Re7 Rf7 33. Rxf7 Qxf7 34. Qxd6 Qxa2 35. Qd8+ Kh7 36. Qh4+ Kg8 37. c4 Qb1+ 38. Kh2 Qxd3 39. cxb5 Qxb5 40. Qd8+ Kh7
41. Qh4+ Kg8 42. Qd4 a5 43. f4
1-0

[Event "Ring In The New Year With A Chess Tournament"]
[Site "SchemingMind.com"]
[Date "2012.01.05"]
[Round "-"]
[White "Timaeus"]
[Black "lennart"]
[Result "0-1"]
[WhiteCountry "JPN"]
[BlackCountry "SWE"]
[WhiteElo "1439"]
[WhiteRD "66"]
[BlackElo "1555"]
[BlackRD "52"]
[GameID "300638"]

1. c4 e5 2. e4 Nf6 3. d3 Bb4+ 4. Bd2 Bxd2+ 5. Qxd2 O-O 6. g3 c6 7. Nf3 d5 8. Nxe5 Re8 9. f4 dxe4 10. Nc3 exd3
11. Bxd3 g6 12. O-O-O Na6 13. a3 Nc5 14. g4 Nxg4 15. Nxg4 Nb3+ 16. Kc2 Nxd2 17. Rxd2 Bxg4 18. Rg1 Bd7 19. Ne4 Kg7 20. Ng5 Qb6
21. Rdd1 Qf2+ 22. Kc1 Qxf4+ 23. Rd2 b5 24. h4 Qxh4 25. Nf3 Qf6 26. Ng5 Re1+ 27. Rxe1 Qxg5 28. Kc2 Bf5 29. b3 a5 30. c5 Rd8
31. Ree2 Bxd3+ 32. Rxd3 Rxd3 33. Kxd3 Qxc5 34. Rc2 Qxa3 35. Rc3 b4
0-1

[Event "Ring In The New Year With A Chess Tournament"]
[Site "SchemingMind.com"]
[Date "2012.01.06"]
[Round "-"]
[White "Ricsige"]
[Black "lennart"]
[Result "1-0"]
[WhiteCountry "AHO"]
[BlackCountry "SWE"]
[WhiteElo "1439"]
[WhiteRD "64"]
[BlackElo "1517"]
[BlackRD "51"]
[GameID "300639"]

1. d4 d5 2. c4 dxc4 3. e4 b5 4. a4 Ba6 5. axb5 Bxb5 6. Nc3 Ba6 7. Nf3 e6 8. Rxa6 Nxa6 9. Qa4+ Qd7 10. Qxa6 h6
11. Bxc4 Be7 12. Bb5
1-0